2023 NASCAR Drivers by Number - Statistics

General Stats
  • This quiz has been taken 47 times
  • The average score is 24 of 32
Answer Stats
Hint Answer % Correct
1 Ross Chastain
94%
11 Denny Hamlin
91%
4 Kevin Harvick
91%
2 Austin Cindric
88%
5 Kyle Larson
88%
3 Austin Dillon
85%
9 Chase Elliott
85%
8 Kyle Busch
85%
12 Ryan Blaney
85%
22 Joey Logano
82%
24 William Byron
82%
23 Bubba Wallace
79%
20 Christopher Bell
79%
19 Martin Truex Jr.
79%
6 Brad Keselowski
76%
45 Tyler Reddick
76%
10 Aric Almirola
74%
14 Chase Briscoe
74%
7 Corey Lajoie
74%
21 Harrison Burton
74%
34 Michael McDowell
74%
17 Chris Buescher
71%
16 AJ Allmendinger
68%
43 Erik Jones
65%
41 Ryan Preece
62%
38 Todd Gilliland
62%
48 Alex Bowman
59%
47 Ricky Stenhouse
59%
31 Justin Haley
56%
99 Daniel Suarez
53%
77 Ty Dillon
47%
78 BJ McLeod
41%
No matching quizzes found
Score Distribution
Percent of People with Each Score
Percentile by Number Answered
Your Score History
You have not taken this quiz